Cut You Off - Little Mix (All Lyrics) - Statistics

General Stats
  • This quiz has been taken 102 times
  • The average score is 337 of 389
Answer Stats
Answer % Correct
a
100%
the
100%
cut
98%
I
98%
i
98%
me
98%
off
98%
you
98%
got
97%
I'm
97%
be
95%
But
95%
but
95%
it
95%
It
95%
really
95%
so
95%
good
92%
my
92%
now
92%
to
92%
do
90%
for
90%
Can't
88%
can't
88%
could
88%
limit
88%
we
88%
forever
86%
know
86%
If
85%
Ima
85%
ima
85%
there
85%
thought
85%
used
85%
gotta
83%
in
83%
it's
83%
Nothin
83%
tell
83%
Everyone's
81%
get
81%
lasts
81%
on
81%
out
81%
when
81%
broken
80%
did
80%
energy
80%
heart
80%
here
80%
how
80%
How
80%
Nothing
80%
Someone
80%
think
80%
all
78%
flags
78%
protect
78%
red
78%
life
76%
mad
76%
about
75%
back
75%
that
75%
with
75%
Are
73%
don't
73%
Don't
73%
I've
73%
look
73%
pickin
73%
right
73%
tears
73%
handed
71%
Turn
71%
up
71%
walked
71%
white
71%
happy
69%
scissors
69%
too
69%
em
68%
greener
68%
is
68%
late
68%
pushed
68%
saw
68%
believe
66%
grass
66%
there'll
66%
triggered
66%
wanna
66%
worth
66%
you're
66%
best
64%
Cause
64%
listen
64%
ready
64%
Til
64%
finally
63%
what's
63%
hit
61%
Only
59%
it'll
58%
sweet
58%
ya
58%
crawl
53%
Snip
19%
snip
19%
No matching quizzes found
Score Distribution
Percent of People with Each Score
Percentile by Number Answered
Your Score History
You have not taken this quiz